00546nam a2200181 a 450000100100000000500170001000800410002702000150006804000250008308200200010810000200012824500360014826000380018430000290022250000630025165000240031465000260033800000948320210311001128.0090930s1994 dr a 000 p spa d a8489546010 aDO-SdBNPbspacBNPHU aRD861.44bA661z1 aArambilet, Luis10aZona secreta /cLuis Arambilet. a[Santo Domingo] :b[s.n.],c1994. a[97 p.] :bil. ;c15 cm. aIncluye datos biográficos del autor en la contracubierta 0aPoesía dominicana 4aLiteratura dominicaca